000157434 001__ 157434 000157434 005__ 20250520133758.0 000157434 037__ $$aGDOC-2024-26940 000157434 041__ $$aspa 000157434 041__ $$aeng 000157434 100__ $$0(orcid)0000-0002-2523-8598$$1140966$$aSebastián Jarabo, Lallana 000157434 24500 $$926940$$aLáser y aplicaciones 000157434 24200 $$926940$$aLaser and Applications 000157434 260__ $$aZaragoza$$bUniversidad de Zaragoza$$c2024-2025 000157434 521__ $$9124$$aGrado en Física$$bDegree in Physics 000157434 540__ $$aby-nc-sa$$bCreative Commons$$c3.0$$uhttp://creativecommons.org/licenses/by-nc-sa/3.0/ 000157434 830__ $$9447 000157434 8564_ $$s7057$$uhttps://zaguan.unizar.es/record/157434/files/guia-26940-en.pdf$$yGuide (english) 000157434 8564_ $$s7204$$uhttps://zaguan.unizar.es/record/157434/files/guia-26940-es.pdf$$yGuía (idioma español) 000157434 970__ $$aGDOC-2024-26940 000157434 980__ $$aGDOC$$bSciences$$bCiencias$$c100